00323nam a2200121Ia 4500008004100000082001000041100002700051245003300078600001200111630003300123700001200156730003300168090122s9999 xx 000 0 und d b10675 aGardnerbErlecStanley aThe Case of the Daring Decoy aGardner aThe Case of the Daring Decoy aGardner aThe Case of the Daring Decoy